00297cam a22001097a 4500008004000000082001600040100001600056245006100072260002400133300001000157650002000167180718b1987 xxu||||| |||| 00| 0 eng d aQ31x54 G959 aGupta, S.P. aStructural dimensions of poverty in Indiacby S.P. Gupta aDelhibMittalc1987 a427p. aPoverty - India